QUIZZ GEOGRAPHIE - GENERAL - Statistiques

Statistiques générales
  • Ce quiz a été pris 135 fois
  • Le résultat moyen est 5 sur 10
Statistiques - réponses
Question Réponse % Correct
Amérique du Sud : Lequel de ces pays est enclavé? Paraguay
71%
Europe : Parmi ces quatre pays, lequel n'est pas enclavé? Slovénie
69%
Europe : Lequel de ces pays n'a aucune frontière avec l'Allemagne? Hongrie
68%
Monde : Lequel de ces pays est le plus petit en superficie? Brésil
58%
Asie : Laquelle de ces villes est le plus au Nord? Hanoi
50%
Langues : Laquelle de ces langues n'utilise pas l'alphabet cyrillique? Polonais
49%
Asie : Dans lequel de ces pays doit ont rouler à gauche? Thailande
45%
Etats-Unis : Lesquels des états suivants ne partagent pas de frontières communes? Kansas / Arkansas
28%
Etats-Unis : Lequel ce ces états ne fait pas partie du ''Four Corners Monument'' (point de croisement entre 4 états américains) ? Nevada
27%
Europe : Lequel de ces pays utilisent l'euro comme monnaie unique? Slovaquie
17%
Aucun quiz correspondant
Distribution des résultats
% des personnes avec chaque résultat
Percentile par nombre de réponses
Votre historique - résultats
Vous n’avez pas pris ce quiz